Countries and U.S. states with the highest HDI - Statistics

General Stats
  • This quiz has been taken 61 times
    21 since last reset
  • The average score is 16 of 20
Answer Stats
HDI Country/State % Correct
.948 Denmark
95%
.942 Germany
95%
.941 Netherlands
95%
.961 Norway
95%
.947 Sweden
95%
.951 Australia
89%
.940 Finland
89%
.959 Iceland
89%
.939 Singapore
89%
.962 Switzerland
89%
.945 Ireland
79%
.943 New Jersey
79%
.940 Washington
79%
.948 Connecticut
74%
.940 Hawaii
74%
.949 Massachusetts
74%
.947 Minnesota
74%
.943 New Hampshire
74%
.942 Colorado
63%
.940 North Dakota
47%
No matching quizzes found
Score Distribution
Percent of People with Each Score
Percentile by Number Answered
Your Score History
You have not taken this quiz since the last reset